| 000 | 00718nam a2200217 i 4500 | ||
|---|---|---|---|
| 001 | 125786 | ||
| 003 | ES-MaACL | ||
| 005 | 20250923161243.0 | ||
| 007 | t| | ||
| 008 | 070214s1968 sp r ||||1| val d | ||
| 100 | 1 |
_aReglá, Juan, _d1917-1973 _995897 |
|
| 245 | 1 | 0 |
_aAproximació a la historia del Pais Valenciá / _cJoan Reglá ; proleg per M. Sanchis Guarner. |
| 260 |
_aValencia : _bEstel, _c1968. |
||
| 300 |
_a146 p. : _bil. ; _c21 cm. |
||
| 490 | 1 |
_aSèrie "Taronja" ; _v7 |
|
| 651 | 4 |
_aValencia- _xHistoria. _9153488 |
|
| 700 | 1 |
_aSanchis Guarner, Manuel, _d1911-1981 _9103013 |
|
| 830 | 0 |
_aSèrie "Taronja" ; _v7 _9219073 |
|
| 852 |
_aES-MaACL _jC-34392 _bR.65300 |
||
| 999 |
_c125786 _d125786 |
||